000 01097nam a22003011c 4500
001 EBC1576067
008 200826s2014 gw |||| 000u eng d
020 _a9780415603126
_a978-1-315-85755-8
_9978-0-415-60312-6
041 _aeng
100 1 _aLucardie, Paul
245 0 0 _aDemocratic extremism in theory and practice :
_ball power to the people /
_cPaul Lucardie
264 _aOxfordshire, England ; New York :
_bRoutledge,
_c2014
300 _a1 Online-Ressource (208 pages)
336 _aText
_btxt
_2rdacontent
337 _aComputermedien
_bc
_2rdamedia
338 _aOnline-Ressource
_bcr
_2rdacarrier
500 _aE-Book-ProQuest / Fernzugriff nach Registrierung möglich
500 _aIncludes bibliographical references and index
650 0 _aDemokratie
650 0 _aRadikalismus
650 0 _aPolitische Theorie
655 0 _aFernzugriff
856 4 _uhttps://ebookcentral.proquest.com/lib/maxweberstiftung-ebooks/detail.action?docID=1576067
942 _cEB
040 _cRU-10907106
003 RU-10907106
999 _c54821
_d54821
490 0 _aRoutledge studies in extremism and democracy
_v20